| 000 | 00561cam a2200181 4500500 | ||
|---|---|---|---|
| 005 | 20260405002502.0 | ||
| 041 | _afre | ||
| 042 | _adc | ||
| 100 | 1 | 0 |
_aHuneman, Philippe _eauthor |
| 245 | 0 | 0 | _aLe vivant se lancera-t-il à la conquête de l’espace ? |
| 260 | _c2017. | ||
| 500 | _a52 | ||
| 690 | _aEspace | ||
| 690 | _aTerre | ||
| 690 | _aVivant | ||
| 786 | 0 | _nPhilosophie magazine | 111 | 7-8 | 2017-07-01 | p. 14-14 | 1951-1787 | |
| 856 | 4 | 1 | _uhttps://shs.cairn.info/magazine-philosophie-magazine-2017-7-8-page-14?lang=fr&redirect-ssocas=7080 |
| 999 |
_c2058107 _d2058107 |
||